Tyler Childers-Charleston Girl - Statistics

General Stats
  • This quiz has been taken 98 times
  • The average score is 169 of 250
Answer Stats
Answer % Correct
a
100%
Charleston
100%
girl
100%
Girl
100%
I
100%
And
98%
and
98%
do
97%
don't
95%
Don't
95%
know
95%
room
95%
Go
94%
he
94%
her
94%
in
94%
like
94%
you
94%
the
90%
to
90%
fire
87%
so
87%
We
87%
That
86%
that
86%
darkened
84%
got
84%
too
84%
is
83%
blind
81%
my
79%
when
79%
took
78%
escape
76%
make
76%
makes
75%
but
71%
money
70%
am
68%
good
68%
she
68%
sober
68%
some
68%
up
68%
All
67%
stoned
67%
there
67%
Left
65%
ragin'
65%
Virginia
63%
West
63%
for
62%
leaving
62%
river
62%
while
62%
cross
60%
hands
60%
if
60%
me
60%
or
59%
them
59%
time
59%
every
57%
it's
57%
ol'
57%
why
57%
ain't
56%
broke
56%
brothers
56%
drive
56%
jaw
56%
somethin'
56%
coke
54%
I'm
54%
trustin'
54%
wine
54%
dime
52%
Of
52%
on
51%
tears
51%
Lord
49%
sense
49%
could
48%
half
48%
steel
48%
sound
46%
there's
46%
wild
46%
fast
44%
away
43%
give
43%
God
41%
hard
41%
mind
41%
was
41%
wish
41%
band
40%
drunk
40%
out
40%
workin'
40%
get
38%
help
38%
She's
38%
hair
37%
with
37%
fair
35%
I'd
35%
skin
35%
way
35%
what
35%
eyes
33%
gonna
30%
talkin'
30%
bloodshot
29%
bout
29%
day
29%
knew
29%
One
29%
try
27%
keys
25%
raven
25%
sweet
22%
take
21%
worth
21%
find
19%
didn't
17%
ahead
14%
believe
14%
leave
13%
soon
13%
crash
11%
Cause
10%
never
10%
planned
6%
No matching quizzes found
Score Distribution
Percent of People with Each Score
Percentile by Number Answered
Your Score History
You have not taken this quiz